Best 55 Cities in the USA: Map Quiz - Statistics

General Stats
  • This quiz has been taken 138 times
  • The average score is 46 of 55
Answers on the Map
Answers color-coded by a green-red scale on the quiz's map according to % correct below.
 
Answer Stats
Answer % Correct
San Francisco
98%
Los Angeles
97%
New York City
97%
Chicago
96%
Miami
96%
Seattle
95%
Boston
94%
Dallas
94%
Las Vegas
94%
Phoenix
93%
Portland
93%
Portland
93%
Denver
92%
Houston
92%
New Orleans
92%
Salt Lake City
92%
San Diego
92%
Austin
91%
Minneapolis
91%
Nashville
91%
Philadelphia
91%
Atlanta
90%
Tampa
90%
Indianapolis
89%
Sacramento
89%
Washington DC
89%
Detroit
88%
Baltimore
86%
Cleveland
86%
Honolulu
86%
Orlando
86%
Cincinnati
85%
Raleigh
85%
San Antonio
85%
Columbus
84%
Buffalo
83%
Pittsburgh
83%
Tucson
83%
Charlotte
82%
Albany
81%
Milwaukee
81%
San Jose
81%
St. Louis
81%
Des Moines
80%
Providence
79%
Charleston
77%
Richmond
76%
Omaha
74%
Madison
70%
Hartford
69%
Rochester
63%
New Haven
58%
Provo
56%
Durham
53%
Bridgeport
49%
No matching quizzes found
Score Distribution
Percent of People with Each Score
Percentile by Number Answered
Your Score History
You have not taken this quiz